000 00273nam a2200097Ia 4500
082 _a641.555 CABA
245 0 _aEasy, simple and delicious
100 _a CABANO, Sonia Capetown, South Africa, 2010
_951759
942 _cBK
008 210817s9999 xx 000 0 und d
999 _c165474
_d165473